43-熊本県の市町村クイズ(1999年) - Statistics

General Stats
  • This quiz has been taken 103 times
  • The average score is 64 of 94
Answers on the Map
Answers color-coded by a green-red scale on the quiz's map according to % correct below.
 
Answer Stats
Answer % Correct
小国おぐにまち
95%
南小国みなみおぐにまち
95%
産山うぶやまむら
93%
熊本くまもと
93%
阿蘇あそまち
90%
荒尾あらお
90%
宇土うと
90%
高森たかもりまち
90%
玉名たまな
90%
合志こうしまち
88%
南関なんかんまち
88%
八代やつしろ
88%
五木いつきむら
86%
大津おおづまち
86%
菊池きくち
86%
水俣みなまた
86%
苓北れいほくまち
86%
鹿北かほくまち
83%
玉東ぎょくとうまち
83%
西原にしはらむら
83%
人吉ひとよし
83%
益城ましきまち
83%
御船みふねまち
83%
芦北あしきたまち
81%
嘉島かしままち
81%
菊陽きくようまち
81%
球磨くまむら
81%
津奈木つなぎまち
81%
長洲ながすまち
81%
山鹿やまが
81%
相良さがらむら
79%
本渡ほんど
79%
水上みずかみむら
79%
植木うえきまち
76%
甲佐こうさまち
76%
多良木たらぎまち
76%
湯前ゆのまえまち
76%
牛深うしぶか
74%
城南じょうなんまち
74%
にしきまち
74%
西合志にしごうしまち
74%
三角みすみまち
74%
山江やまえむら
74%
いちみやまち
71%
白水はくすいむら
71%
鹿央かおうまち
69%
泗水しすいまち
69%
不知火しらぬひまち
69%
菊鹿きくかまち
67%
旭志きょくしむら
67%
坂本さかもとむら
67%
田浦たのうらまち
67%
いずみむら
64%
長陽ちょうようむら
64%
波野なみのそん
64%
三加和みかわまち
64%
久木野くぎのむら
62%
蘇陽そようまち
62%
富合とみあいまち
62%
砥用ともちまち
62%
松橋まつばせまち
62%
免田めんだまち
62%
天草あまくさまち
60%
菊水きくすいまち
60%
御所浦ごしょうらまち
60%
清和せいわそん
60%
岱明たいめいまち
60%
中央ちゅうおうまち
60%
矢部やべまち
60%
竜北りゅうほくまち
60%
大矢野おおやのまち
55%
七城しちじょうまち
55%
千丁せんちょうまち
55%
豊野とよのむら
52%
五和いつわまち
50%
小川おがわまち
50%
姫戸ひめどまち
50%
うえむら
48%
岡原おかはるむら
48%
鹿本かもとまち
48%
倉岳くらたけまち
48%
東陽とうようむら
48%
深田ふかだむら
48%
有明ありあけまち
45%
かがみまち
45%
宮原みやはらまち
45%
須恵すえむら
43%
龍ヶ岳りゅうがたけまち
43%
河浦かわうらまち
40%
新和しんわまち
40%
天水てんすいまち
40%
松島まつしままち
36%
横島よこしままち
36%
栖本すもとまち
31%
No matching quizzes found
Score Distribution
Percent of People with Each Score
Percentile by Number Answered
Your Score History
You have not taken this quiz